Mito: Libro para una ópera

Zapisane w:
Opis bibliograficzny
1. autor: Buero Vallejo, Antonio
Format: Książka
Język:Undetermined
Wydane: Madrid, España Ediciones ALFI 1968
Hasła przedmiotowe:
Etykiety: Dodaj etykietę
Nie ma etykietki, Dołącz pierwszą etykiete!

MARC

LEADER 00000nam a2200000Ia 4500
008 170316s9999 xx 000 0 und d
040 |a cru BVZT 
090 |a 862 B-23mi 
100 |a Buero Vallejo, Antonio 
245 |a Mito: Libro para una ópera 
260 |a Madrid, España 
260 |b Ediciones ALFI 
260 |c 1968 
300 |a 114 páginas 
650 |a LITERATURA ESPAÑOLA 
650 |a TEATRO 
999 |c 9541  |d 9541 
942 |c 15 D  |h 862 B-23mi  |2 z